A strained partnership? (Record no. 15039)
[ view plain ]
| 000 -LEADER | |
|---|---|
| fixed length control field | 00846nam a2200121Ia 4500 |
| 008 - FIXED-LENGTH DATA ELEMENTS--GENERAL INFORMATION | |
| fixed length control field | 220615s9999||||xx |||||||||||||| ||und|| |
| 100 ## - MAIN ENTRY--PERSONAL NAME | |
| Personal name | Robb, Thomas |
| 245 #2 - TITLE STATEMENT | |
| Title | A strained partnership? |
| Remainder of title | US–UK relations in the era of détente, 1969–77 |
| 546 ## - LANGUAGE NOTE | |
| Language note | English[eng] |
| 650 ## - SUBJECT ADDED ENTRY--TOPICAL TERM | |
| Topical term or geographic name entry element | Political Science||International relations||Politics||Richard Nixon||Gerald Ford||Harold Wilson||IMF Crisis||diplomacy||US-UK relations||US-UK relationship||special relationship||transatlantic relations||foreign policy||1969-1977||nuclear co-operation||Edward Heath||Europe||European Economic Community||Henry Kissinger||London||Mutual and Balanced Force Reductions||NATO||Soviet Union |
| 856 ## - ELECTRONIC LOCATION AND ACCESS | |
| Uniform Resource Identifier | <a href="https://library.oapen.org/bitstream/20.500.12657/45634/3/644194.pdf||https://library.oapen.org/bitstream/20.500.12657/45634/3/644194.pdf">https://library.oapen.org/bitstream/20.500.12657/45634/3/644194.pdf||https://library.oapen.org/bitstream/20.500.12657/45634/3/644194.pdf</a> |
| 942 ## - ADDED ENTRY ELEMENTS (KOHA) | |
| Koha item type | E-Books |
| Withdrawn status | Lost status | Damaged status | Not for loan | Home library | Current library | Date acquired | Total Checkouts | Date last seen | Price effective from | Koha item type |
|---|---|---|---|---|---|---|---|---|---|---|
| Kerala University of Digital Sciences, Innovation and Technology Knowledge Centre | Kerala University of Digital Sciences, Innovation and Technology Knowledge Centre | 15/06/2022 | 15/06/2022 | 15/06/2022 | E-Books |